Vibroizolační systémy s více stupni volnosti : (teze disertační práce) /

Hlavní autor: Prokop, Jan, 1956-
Korporativní autor: Technická univerzita v Liberci. Strojní fakulta
Jazyk: Čeština
Vydáno: Liberec : Technická univerzita, 2006
Témata:
Fyzický popis: 30 s. : il. (převážně barev.) ; 21 cm
Knihy
Uloženo v:
LEADER 01939nam a2200517 a 4500
001 nkc20061700641
003 CZ PrNK
005 20070223140159.0
007 ta
008 070109s2006 xr a f m 000 0 cze
015 |a cnb001700641 
020 |a 80-7372-116-3  |q (brož.) 
035 |a (OCoLC)124089472 
040 |a ABA001  |b cze 
072 7 |a 62  |x Technika všeobecně  |2 Konspekt  |9 19 
080 |a 62-752.2  |2 MRF 
080 |a 614.883:684.428  |2 MRF 
080 |a 62-272.82  |2 MRF 
080 |a 519.673  |2 MRF 
080 |a (043.3)  |2 MRF 
080 |a (048.3)  |2 MRF 
100 1 |a Prokop, Jan,  |d 1956-  |7 mzk2006377724  |4 dis 
245 1 0 |a Vibroizolační systémy s více stupni volnosti :  |b (teze disertační práce) /  |c Jan Prokop 
260 |a Liberec :  |b Technická univerzita,  |c 2006 
300 |a 30 s. :  |b il. (převážně barev.) ;  |c 21 cm 
500 |a "Studijní program: P2301 Strojní inženýrství ; Studijní obor: 3901V003 Aplikovaná mechanika (Inženýrská mechanika)" 
502 |a Teze disertace--Technická univerzita v Liberci, Fakulta strojní, 2006 
504 |a Obsahuje bibliografii 
650 0 7 |a tlumení vibrací  |7 ph151468  |2 czenas 
650 0 7 |a sanitní lehátka  |7 ph386373  |2 czenas 
650 0 7 |a pneumatické pružiny  |7 ph386375  |2 czenas 
650 0 7 |a matematické modelování  |7 ph115240  |2 czenas 
650 0 9 |a vibration damping  |2 eczenas 
650 0 9 |a ambulance couches  |2 eczenas 
650 0 9 |a pneumatic springs  |2 eczenas 
650 0 9 |a mathematical modeling  |2 eczenas 
655 7 |a disertace  |7 fd132024  |2 czenas 
655 7 |a teze  |7 fd133701  |2 czenas 
655 9 |a dissertations  |2 eczenas 
655 9 |a abstracts  |2 eczenas 
710 2 |a Technická univerzita v Liberci.  |b Strojní fakulta  |7 kn20010709341 
910 2 |a BOA001  |b 2-1179.293 
990 |a BK 
995 |a 01 
991 |b 200701  |c NOV 
996 6 |b 2610298116  |c 2-1179.293  |l MZK  |r Sklad / do 1 hodiny  |n 1  |p p.v.  |w 000835449  |u 000010  |a 1  |e BOA001  |j MZK50  |s P